000
00299nam a22001337a 4500
008
180131b xxu||||| |||| 00| 0 eng d
020
_a
9781936523115
041
_a
eng
080
_2
4TH
_a
82
100
_a
21
101
_a
GJL
245
_a
Preparing literature reviews
_c
Pan,M.L
942
_2
udc
_c
BK
999
_c
41419
_d
41419